Регионална библиотека "Любен Каравелов" - Русе

Вратарят на републиката (Запис номер 175675)

MARC детайли
000 -Лидер
Контролно поле с фиксирана дължина nam a22 a 4500
003 - Код на организацията, давaща контролен номер
Контролно поле BLK
005 - Дата и час на последна редакция
Контролно поле 20220808132807.0
008 - Елементи от данни с фиксирана дължина
fixed length control field 180411b bul|||||r ||||||| ||bul||
010 ## - Наследен системен номер
LC control number KNG00184269000
040 ## - Източник на каталожния запис
Идентификатор на билиотеката - собственик на записа BLK
041 ## - Код за език
Код за езика на текст/звукозапис или на отделно заглавие Български
Код за езика КДБФ Български
080 ## - УДК
Текстов определител УДК Руска литература
УДК код - определител по УДК 821.161.1
УДК определител -3
УДК - код + определител 821.161.1-3
100 1# - Редна дума - Автор
Автор Касил, Лев Абрамович
Авторска отговорност първи автор
R(LIN) 378710
139 ## - Редно поле
Редна дума Касил, Лев Абрамович
Авторски знак Кас - К 45
245 10 - Сведения за заглавието
Заглавие Вратарят на републиката
Подзаглавни данни Роман
Редно поле (дума) Лев Абрамович Касил; прев. от рус. Людмил Стоянов.
257 ## - Страна на издаване
Страна на създаване/издаване СССР
260 ## - Област на издателските данни
Име на издателя, разпространителя и проч. Медицина и физкултура
Година на издаване 1972
Печатница Пловдив : печ. Д. Благоев
Място на издаване, разпространение и проч. София
300 ## - Физическа характеристика
Страници 280 с.
Илюстрации и др. с ил.
Размери/Мащаб 20 см
380 ## - Жанр
Жанр Худож. лит.
490 ## - СЕРИИ (Колекции)
Име на серия Поредица Стадион
9 (RLIN) 205577
500 ## - Общи забележки
Забележка Ориг. загл. Вратарь республики
700 1# - Други автори (авторска отговорност)
Лично име Стоянов, Людмил
Автороска отговорност (Описва отношението между автора и произведението) прев. от рус.
Друга информация Златарев, Георги Стоянов
9 (RLIN) 367666
852 ## - Местоположение
Форматна сигнатура Цб 62747
Фондова буква Хранилище
856 4# - Електронен адрес и достъп
Електронен формат pdf - файл
856 4# - Електронен адрес и достъп
Електронен формат pdf - файл
999 ## - СИСТЕМНИ КОНТРОЛНИ НОМЕРА
Koha biblionumber 175675
Koha biblioitemnumber 175675
942 ## - АРТИКУЛИ
Вид на библиотечния материал Книги
Скрит в OPAC Не
Периодичен библиозапис Да
944 ## - СЪЗДАВАНЕ И РЕДАКЦИЯ на ЗАПИСА
Създаване/Редакция Създаване
Дата на регистрацията/редакция 29.10.2015
Служител, извършил регистрацията/редакцията Ренета_Константинова
944 ## - СЪЗДАВАНЕ И РЕДАКЦИЯ на ЗАПИСА
Създаване/Редакция Редакция
Дата на регистрацията/редакция 11.09.2017
Служител, извършил регистрацията/редакцията Пенка_Димитрова
999 ## - СИСТЕМНИ КОНТРОЛНИ НОМЕРА
Koha biblioitemnumber 175675
Наличности
Код за отписване Код за изгубен артикул Източник на класификационната схема Код за повреда Коз за рестрикции Код за отдаване Артикулен № Име на библиотеката - собственик Име на библиотеката, в която се намира в момента Статус (Текущо местоположение) Дата на вписване в системата Местоположение - отдел Цена в лева Инвентарен номер Систематично азбучна сигнатура Баркод Номер на екземпляра Цена в евро Служебна бележка Служебен тип на артикула Бележка за публиката
  Не е изгубен Universal Decimal Classification Не е повреден само за читалня ползва се в читалня 302428 Регионална библиотека "Любен Каравелов" Русе Регионална библиотека "Любен Каравелов" Русе Хранилище 1972-01-01 Хранилище 1.33 114028 Цб 62747 120000114028 1 0.68 Дост: Dp Вид: Д N: стар фонд Дата: 01.01.1972 Книги  
Изтеглен Не е изгубен Universal Decimal Classification Не е повреден без рестрикции заемане за дома 302429 Регионална библиотека "Любен Каравелов" Русе Регионална библиотека "Любен Каравелов" Русе Заемна - подръчен фонд 1972-01-01 Заемна - подръчен фонд 1.33 115691 П 882-3/К 45 115691 2 0.68 Вид: Сф N: стар фонд Дата: 01.01.1972 Книги  
Изтеглен Не е изгубен Universal Decimal Classification Не е повреден без рестрикции заемане за дома 302430 Регионална библиотека "Любен Каравелов" Русе Регионална библиотека "Любен Каравелов" Русе Заемна - подръчен фонд 1972-01-01 Заемна - подръчен фонд 1.33 115693 П 882-3/К 45 115693 3 0.68 Вид: Сф N: стар фонд Дата: 01.01.1972 Книги  
Изтеглен Не е изгубен   Не е повреден без рестрикции заемане за дома 302431 Регионална библиотека "Любен Каравелов" Русе Регионална библиотека "Любен Каравелов" Русе   1972-01-01 Заемна - подръчен фонд 1.33 115698 П 882-3/К 45 115698 4 0.68 Вид: Сф N: стар фонд Дата: 01.01.1972 Книги Отч.N: 11/2018 , Дата: 02.02.2018
Изтеглен Не е изгубен   Не е повреден без рестрикции заемане за дома 302432 Регионална библиотека "Любен Каравелов" Русе Регионална библиотека "Любен Каравелов" Русе   1972-01-01 Детски отдел 1.33 115485 ДХ 820/899/К 45 115485 5 0.68 Вид: Сф N: стар фонд Дата: 01.01.1972 Дата инв: 29.10.2015 Бележки инв: Д2015 Книги Отч.N: 37/17 , Дата: 06.09.2017
Изтеглен Не е изгубен   Не е повреден без рестрикции заемане за дома 302433 Регионална библиотека "Любен Каравелов" Русе Регионална библиотека "Любен Каравелов" Русе   1972-01-01 Детски отдел 1.33 115491 ДХ 820/899/К 45 115491 6 0.68 Вид: Сф N: стар фонд Дата: 01.01.1972 Дата инв: 29.10.2015 Бележки инв: Д2015 Книги Отч.N: 26/2017 , Дата: 15.08.2017
Vip Innovations Ltd, Rousse, Bulgaria 2025